UBT Library

Risk and the smart investor : (Record no. 911)

000 -LEADER
fixed length control field 00548nam a22001697a 4500
008 - FIXED-LENGTH DATA ELEMENTS--GENERAL INFORMATION
fixed length control field 150527b xxu||||| |||| 00| 0 eng d
020 ## - INTERNATIONAL STANDARD BOOK NUMBER
International Standard Book Number 9780071743495
041 0# - LANGUAGE CODE
Language code of text/sound track or separate title eng
080 ## - UNIVERSAL DECIMAL CLASSIFICATION NUMBER
Universal Decimal Classification number 332 MAR
100 ## - Rafti
Rafti Martin, David X.
245 ## - TITLE STATEMENT
Title Risk and the smart investor :
Statement of responsibility, etc David X. Martin.
260 ## -
-- New York :
-- McGraw-Hill Professional,
-- c2011.
300 ## -
-- 262 f
-- 24 cm.
500 ## -
-- preface:f V-XXI
650 ## -
-- Investment analysis.
942 ## - ADDED ENTRY ELEMENTS (KOHA)
Source of classification or shelving scheme
Item type Books
Holdings
Withdrawn status Lost status Source of classification or shelving scheme Damaged status Not for loan Collection code Permanent location Current location Shelving location Date acquired Total Checkouts Full call number Date last seen Price effective from Koha item type
          Koleksioni i përgjithshem UBT - Lipjan UBT - Lipjan Koleksioni i përgjithshem 05/27/2015   332 MAR 05/27/2015 05/27/2015 Books
UBT Library © 2015-2024. All rights reserved University Education for Business and Technology